2024-25 Timberwolves Roster - Statistics

General Stats
  • This quiz has been taken 85 times
  • The average score is 11 of 14
Answer Stats
Hint Answer % Correct
5 Anthony Edwards
100%
30 Julius Randle
100%
27 Rudy Gobert
96%
3 Jaden McDaniels
88%
0 Donte Divincenzo
86%
10 Mike Conley
82%
11 Naz Reid
82%
55 Luka Garza
78%
9 Nickeil Alexander-Walker
76%
4 Rob Dillingham
76%
00 Terrance Shannon Jr
69%
7 Joe Ingles
59%
22 Jaylen Clark
55%
8 Josh Minott
43%
No matching quizzes found
Score Distribution
Percent of People with Each Score
Percentile by Number Answered
Your Score History
You have not taken this quiz